000 00226 a2200097 4500
001 125471
040 _cEscola Canadense de Niteroi
100 _aCagliari, Luiz Carlos
245 1 0 _aAlfabetização & Lingüística
942 _cREF
999 _c125471
_d125471